STUDIES in Anglo-French history during the eighteenth, nineteenth, and twentieth centuries
Saved in:
| Format: | Bog |
|---|---|
| Sprog: | engelsk |
| Udgivet: |
Cambridge University Press
2013
|
| Tags: |
Tilføj Tag
Ingen Tags, Vær først til at tagge denne postø!
|
MARC
| LEADER | 00000nam a22000007a 4500 | ||
|---|---|---|---|
| 008 | 210812b ||||| |||| 00| 0 eng d | ||
| 020 | |a 9781107623200 | ||
| 245 | |a STUDIES in Anglo-French history |b during the eighteenth, nineteenth, and twentieth centuries |c edited by Alfred Coville and Harold Temperley. |g xiv, 179p | ||
| 250 | |c Coville, Alfred | ||
| 250 | |c Temperley, Harold | ||
| 260 | |b Cambridge University Press |c 2013 |h New York |i 696750 |i 696751 |l DA471.St9 |m Great Britain -Foreign relation - France |m France-Foreign relations-Great Britain |m Europe- Politics and government | ||
| 500 | |a it includes references and index | ||
| 942 | |a lcc |c BK |e JOHNSON |f 12/08/21 | ||
| 952 | |0 0 |1 0 |2 lcc |4 0 |6 DA0471 S T9 |7 0 |9 3002 |a ART |b HOL |c GJ |d 2021-08-12 |l 0 |o DA471.St9 |p 2021-66693 |r 2021-08-12 00:00:00 |w 2021-08-12 |y BK | ||
| 952 | |0 0 |1 0 |2 lcc |4 0 |6 DA0471 S T9 |7 0 |9 3003 |a HOL |b HOL |c GJ |d 2021-08-12 |l 0 |o DA471.St9 |p 2021-66694 |r 2021-08-12 00:00:00 |w 2021-08-12 |y BK | ||
| 999 | |c 1521 |d 1521 | ||